Statistiques concernant Les plus grandes villes d'Allemagne A-Z

Cliquez ici pour prendre le quiz!

Statistiques générales

  • Ce quiz a été pris 1,051 fois
  • Le résultat moyen est 10 sur 22

Statistiques - réponses

# Population Ville allemande % Correct
B3 520 000Berlin
100%
M1 450 000Munich
96%
H1 787 000Hambourg
91%
F733 000Francfort-sur-le-Main
89%
C1 060 000Cologne
87%
N510 000Nuremberg
71%
D612 000Dusseldorf
71%
S624 000Stuttgart
71%
L560 000Leipzig
57%
E582 000Essen
54%
K308 000Karlsruhe
29%
A286 000Augsbourg
29%
U123 000Ulm
27%
P168 000Potsdam
23%
R206 000Rostock
22%
G260 000Gelsenkirchen
20%
W350 000Wuppertal
18%
I132 000Ingolstadt
14%
T115 000Trèves
12%
Z91 123Zwickau
9%
O211 000Oberhausen
7%
V84 674Villingen-Schwenningen
4%

Distribution des résultats

Percentile by Number Answered

% des personnes avec chaque résultat

Votre développement - résultats

Vous n’avez pas pris ce quiz